Vista normal
Vista MARC
Cadena de Suministro 4.0 (Registro nro. 14918)
[ vista simple ]
| 000 -Cabecera (24) | |
|---|---|
| Campo de control interno | 01204nam a22002774a 4500 |
| 001 - Número de control | |
| Campo de control | UTEA |
| 005 - Fecha y hora de la | |
| Campo de control | 20240914013634.0 |
| 006 - Campos de control - información adicional | |
| Campos de control | g||||gr||||||01 nz |
| 007 - Tipo material - Descripcion fisica - info general | |
| Tipo material | ta |
| 008 - Códigos de longitud fija (40p) | |
| Campo de control de longitud fija | 200206b pe ||||| |||| 00| 0 spa d |
| 020 ## - INTERNATIONAL STANDARD BOOK NUMBER | |
| ISBN | 9789587784626 |
| 040 ## - Origen de la Catalogacion | |
| Centro catalogador/agencia de origen | UTEA |
| 041 ## - Código de idioma (R) | |
| Código de lengua del texto/banda sonora o título independiente (R) | spa |
| 082 ## - Número de la Clasificación | |
| Número de la Clasificación | 658.7 |
| Notación Interna | C1 2019 |
| 100 ## - Autor Personal | |
| Autor Personal | Tundidor, Alberto |
| Término indicativo de función (R) | Autor |
| 245 ## - Titulo | |
| Titulo | Cadena de Suministro 4.0 |
| Subtitulo | : beneficios y retos de las tecnologías disruptivas |
| Medio físico | [Impreso] |
| 246 ## - Variante del Titulo | |
| Mención de responsabilidad, etc. | Alberto,Tundidor |
| 250 ## - Mencion de edicion | |
| Mencion de edicion | 1a. edición : |
| 260 ## - Editorial | |
| Ciudad | Bogotà, |
| Nombre de la Editorial | Alfaomega, |
| Fecha | 2019 |
| 300 ## - Descripcion | |
| Páginas | 127 pàginas |
| Dimensiones | 20 cm |
| 505 ## - Nota de contenido formateada | |
| Nota de contenido formateada Índice del Libro] | La cadena de suministro y las tecnologías disruptivas -- Impresoras 3D : cambios en el mercado mundial de recambios -- El vehículo autónomo y eléctrico -- La realidad aumentada irrumpe en la industria 4.0 -- Gestión de la información 4.0 -- Modelos de organización humana en la cadena de suministro 4.0 |
| 650 ## - Temas - Descriptores | |
| Temas - Descriptores | La realidad aumentada irrumpe en la industria 4.0 |
| 9 (RLIN) | 44698 |
| 650 ## - Temas - Descriptores | |
| Temas - Descriptores | Modelos de organización humana en la cadena de suministro 4.0 |
| 9 (RLIN) | 44699 |
| 650 ## - Temas - Descriptores | |
| Temas - Descriptores | Gestión de la información 4.0 |
| 9 (RLIN) | 44700 |
| 942 ## - Datos personalizados Koha | |
| Tipo de Documento | Libros |
| Fecha procesamiento | 2024-09-13 |
| Esquema de Clasificacion | Dewey Decimal Classification |
| Catalogador | Lizbeth Cañari Quispe |
| Estado de retiro | Estado de pérdida | Fuente de Clasificacion | Estado | No para préstamo | Escuela Profesional/ Mención de Maestría | Localización permanente | Ubicación/localización actual | Ubicación en estantería | Fecha de adquisición | Fuente de adquisición | Signatura topográfica completa | Código de barras | Número de Ejemplar | Tipo de ítem Koha |
|---|---|---|---|---|---|---|---|---|---|---|---|---|---|---|
| Dewey Decimal Classification | E.P. Ingeniería de Sistemas e Informática | Biblioteca Abancay UTEA | Biblioteca Abancay UTEA | Área de Ciencias Puras y Aplicada (primer piso) | 02/06/2020 | Compra | 658.7 C1 2019 | BABA20020233 | ej. 1 | Libros | ||||
| Dewey Decimal Classification | E.P. Ingeniería de Sistemas e Informática | Biblioteca Abancay UTEA | Biblioteca Abancay UTEA | Área de Ciencias Puras y Aplicada (primer piso) | 02/06/2020 | Compra | 658.7 C1 2019 | BABA20020297 | ej. 2 | Libros | ||||
| Dewey Decimal Classification | E.P. Ingeniería de Sistemas e Informática | Biblioteca Cusco UTEA | Biblioteca Cusco UTEA | Biblioteca Puputi | 09/13/2024 | Compra | 658.7 C1 2019 | BCUS20020797 | ej. 1 | Libros | ||||
| Dewey Decimal Classification | E.P. Ingeniería de Sistemas e Informática | Biblioteca Cusco UTEA | Biblioteca Cusco UTEA | Biblioteca Puputi | 09/13/2024 | Compra | 658.7 C1 2019 | BCUS20020938 | ej. 2 | Libros |